000 00867nam a2200241 i 4500
001 104651
003 ES-MaACL
005 20251106133328.0
007 t|
008 051207s1913 sp ||||1| spa d
100 1 _aMir, Miguel (
_d1841-1912)
_981426
245 1 0 _aHistoria interna documentada de la Compañía de Jesús /
_cMiguel Mir.
260 _aMadrid :
_b[s.n.],
_c1913 (
_fImp. de Jaime Ratés Martín)
300 _a2 v. ;
_c23 cm.
530 _aDisponible en formato digital.
610 2 4 _aJesuitas-
_xHistoria
_95353
852 _aES-MaACL
_jF-1580-81
_cDEPO2
852 _aES-MaACL
_jC-28901-02
_cDEPO2
856 4 _uhttps://archive.org/details/historiainternad01mirm
_z(V. 1)
_y(Internet Archive)
856 4 _uhttps://archive.org/details/historiainternad02mirm
_z(V. 2)
_y(Internet Archive)
942 _2udc
999 _c104651
_d104651